| 000 | 00467nas a2200121 a 4500 | ||
|---|---|---|---|
| 008 | 100322c19899999||||||||||||||||| || u | ||
| 050 | _aUN-ECA(05)PADIS | ||
| 110 | _aUnited Nations Economic Commission For Africa(UNECA) | ||
| 245 | 1 | 0 |
_aPADIS newsletter _cby United Nations Economic Commission for Africa (UN-ECA) |
| 260 |
_aAddis Ababa : _bUNITED NATIONS ECONOMIC COMMISSION FOR AFRICA(UNECA) _c1989- |
||
| 350 | _a0.00 | ||
| 650 | _aPADIS (INFORMATION RETRIEVAL SYSTEMS) | ||
| 999 |
_c53067 _d53067 |
||